[Event "Polanica Zdroj op-C 44th"]
[Site "Polanica Zdroj"]
[Date "2008.08.24"]
[Round "6"]
[White "Mikolajczyk, Andrzej"]
[Black "Jeske, Jerzy"]
[Result "1-0"]
[WhiteElo "1846"]
[BlackElo "1554"]
[PlyCount "45"]
[EventDate "2008.08.19"]
[EventType "swiss"]
[EventRounds "9"]
[EventCountry "POL"]
[SourceTitle "CBM 126 Extra"]
[Source "ChessBase"]
[SourceDate "2008.11.05"]
[SourceVersion "1"]
[SourceVersionDate "2008.11.05"]
[SourceQuality "1"]

1. e4 c5 2. Nf3 d6 3. d4 cxd4 4. Nxd4 Nf6 5. Nc3 g6 6. Be3 Bg7 7. Bc4 Nc6 8. Qd2 Ng4 9. Nxc6 bxc6 10. Bf4 Rb8 11. Bb3 Qb6 12. 0-0 Ba6 13. Rfe1 Bd4 14. Nd1 0-0 15. h3 Nf6 16. Bg5 Qc7 17. Qf4 Nh5 18. Qh4 Rbe8 19. Bh6 Ng7 20. Ne3 e6 21. Ng4 Re7 22. Bxg7 Rfe8 23. Qh6 1-0

[Event "Polanica Zdroj op-C 43rd"]
[Site "Polanica Zdroj"]
[Date "2007.08.24"]
[Round "8.11"]
[White "Kwiek, Janusz"]
[Black "Jeske, Jerzy"]
[Result "1-0"]
[WhiteElo "1857"]
[BlackElo "1498"]
[PlyCount "81"]
[EventDate "2007.08.17"]
[EventType "swiss"]
[EventRounds "9"]
[EventCountry "POL"]
[SourceTitle "CBM 120 Extra"]
[Source "ChessBase"]
[SourceDate "2007.11.01"]
[SourceVersion "1"]
[SourceVersionDate "2007.11.01"]
[SourceQuality "1"]

1. Nf3 d5 2. d4 g6 3. Bf4 Bg7 4. Nc3 a6 5. e4 dxe4 6. Nxe4 Nf6 7. Nxf6+ Bxf6 8. Bh6 Nc6 9. c3 e6 10. Qb3 Ne7 11. 0-0-0 Nf5 12. Bf4 c6 13. g4 Nh4 14. Nxh4 Bxh4 15. Be3 a5 16. Bg2 a4 17. Qc4 Bd7 18. f4 Be7 19. Qd3 b5 20. a3 Rc8 21. Rhe1 0-0 22. g5 Qc7 23. h4 Rfd8 24. h5 Be8 25. hxg6 fxg6 26. Qe4 Bf7 27. Rh1 c5 28. Qf3 Kg7 29. Qh3 Bg8 30. Qh6+ Kf7 31. d5 Bf8 32. dxe6+ Ke7 33. Qh3 b4 34. f5 gxf5 35. Qxf5 Rxd1+ 36. Rxd1 Ke8 37. Bf3 Qe7 38. Bh5+ Bf7 39. Bxf7+ Qxf7 40. exf7+ Ke7 41. Qd7# 1-0

[Event "Polanica Zdroj op-C 43rd"]
[Site "Polanica Zdroj"]
[Date "2007.08.22"]
[Round "6.14"]
[White "Karpinski, Bartlomiej"]
[Black "Jeske, Jerzy"]
[Result "1-0"]
[WhiteElo "1808"]
[BlackElo "1498"]
[PlyCount "51"]
[EventDate "2007.08.17"]
[EventType "swiss"]
[EventRounds "9"]
[EventCountry "POL"]
[SourceTitle "CBM 120 Extra"]
[Source "ChessBase"]
[SourceDate "2007.11.01"]
[SourceVersion "1"]
[SourceVersionDate "2007.11.01"]
[SourceQuality "1"]

1. e4 c5 2. Nc3 d6 3. f4 Nc6 4. Nf3 g6 5. Bc4 Bg7 6. 0-0 e6 7. d3 Nf6 8. Bb3 0-0 9. Qe1 Kh8 10. Qh4 Nh5 11. Qh3 Nd4 12. Ng5 Nxb3 13. axb3 f5 14. Qh4 Bf6 15. exf5 Bxg5 16. fxg5 exf5 17. Qc4 b6 18. Qd5 Bd7 19. Qxd6 Re8 20. Bd2 Qe7 21. Qxe7 Rxe7 22. Nd5 Re2 23. Bc3+ Kg8 24. Rf2 Rae8 25. Rxa7 Bc6 26. Rxe2 1-0

[Event "Polanica Zdroj op-C 41st "]
[Site "Polanica Zdroj"]
[Date "2005.08.24"]
[Round "6"]
[White "Jeske, Jerzy"]
[Black "Szczurek, Natalia"]
[Result "0-1"]
[WhiteElo "1800"]
[BlackElo "1800"]
[PlyCount "60"]
[EventDate "2005.08.19"]
[EventType "swiss"]
[EventRounds "9"]
[EventCountry "POL"]
[SourceTitle "EXT 2007"]
[Source "ChessBase"]
[SourceDate "2006.11.23"]
[SourceVersion "1"]
[SourceVersionDate "2006.11.23"]
[SourceQuality "1"]

1. e4 c5 2. Nf3 d6 3. d4 cxd4 4. Nxd4 Nf6 5. Nc3 Nc6 6. Be2 e6 7. Be3 Be7 8. Qd2 0-0 9. 0-0 a6 10. f4 Qc7 11. a4 Bd7 12. Bf3 Na5 13. Qf2 Nc4 14. Bc1 e5 15. Nf5 Bxf5 16. exf5 d5 17. Kh1 e4 18. Be2 Bc5 19. Qg3 Nd6 20. Qh3 d4 21. Nd1 Qd7 22. g4 e3 23. g5 Nfe4 24. Bg4 Qc6 25. Qg2 Rfe8 26. f6 g6 27. Bf3 Nf5 28. Be2 Nh4 29. Bb5 axb5 30. axb5 Ng3+ 0-1

[Event "Polanica Zdroj op-C 41st "]
[Site "Polanica Zdroj"]
[Date "2005.08.23"]
[Round "5"]
[White "Perard, Aymeric"]
[Black "Jeske, Jerzy"]
[Result "0-1"]
[WhiteElo "1670"]
[BlackElo "1800"]
[PlyCount "102"]
[EventDate "2005.08.19"]
[EventType "swiss"]
[EventRounds "9"]
[EventCountry "POL"]
[SourceTitle "EXT 2007"]
[Source "ChessBase"]
[SourceDate "2006.11.23"]
[SourceVersion "1"]
[SourceVersionDate "2006.11.23"]
[SourceQuality "1"]

1. e4 c5 2. Nf3 d6 3. d4 cxd4 4. Nxd4 Nf6 5. Nc3 a6 6. Be2 e6 7. 0-0 Be7 8. Kh1 0-0 9. f4 Qc7 10. Nf3 Nbd7 11. Qe1 b5 12. a3 Bb7 13. Bd3 Nc5 14. e5 Nxd3 15. cxd3 Nd5 16. Bd2 Rfe8 17. Rc1 Qb6 18. Ne4 a5 19. exd6 Bxd6 20. Bxa5 Qa6 21. Nxd6 Qxd6 22. Ng5 Nxf4 23. Ne4 Bxe4 24. Qxe4 Nd5 25. Bc3 Ra4 26. Qf3 f6 27. Qh5 Rd8 28. Rf3 e5 29. Rg3 Nf4 30. Qg4 Ng6 31. Bb4 Qd7 32. Qxd7 Rxd7 33. Rc8+ Kf7 34. Rb8 Raa7 35. Rxb5 e4 36. Bc5 Rac7 37. d4 Nf4 38. h3 f5 39. Kh2 g6 40. b4 Ne2 41. Re3 Nxd4 42. Rb8 Ne6 43. Rb5 Rd3 44. Rxd3 exd3 45. Be3 f4 46. Bd2 Rc2 47. Rb7+ Kf6 48. Be1 d2 49. Bxd2 Rxd2 50. Rxh7 f3 51. Kg1 Rxg2+ 0-1